[Event "Marcio Eliseo de Freitas Cup"]
[Site "Rio de Janeiro"]
[Date "2015.12.15"]
[Round "1"]
[White "Nascimento, Jarde"]
[Black "Martins, Jose Felix Perez"]
[Result "0-1"]
[WhiteElo "1912"]
[BlackElo "2190"]
[PlyCount "86"]
[EventDate "2015.12.15"]
[EventType "swiss"]
[EventRounds "7"]
[EventCountry "BRA"]
[SourceTitle "EXT 2018"]
[Source "ChessBase"]
[SourceDate "2017.10.13"]
[SourceVersion "1"]
[SourceVersionDate "2017.10.13"]
[SourceQuality "1"]

1. e4 Nc6 2. d4 d5 3. exd5 Nb4 4. c4 e6 5. a3 Na6 6. dxe6 Bxe6 7. d5 Bf5 8. b4 Be7 9. Nc3 Bf6 10. Bb2 Ne7 11. Nf3 0-0 12. Bd3 c6 13. 0-0 Bxd3 14. Qxd3 cxd5 15. cxd5 Nxd5 16. Nxd5 Bxb2 17. Rab1 Nc7 18. Rfd1 Qxd5 19. Qxd5 Nxd5 20. Rxd5 Rfd8 21. Rxd8+ Rxd8 22. h3 Bxa3 23. Rb3 Bc1 24. g3 a6 25. Rc3 Bb2 26. Rc2 Ba3 27. Rc4 b5 28. Rf4 Kf8 29. Ne5 f6 30. Nc6 Rc8 31. Rf3 Bc1 32. Rc3 Bh6 33. Kg2 Ke8 34. Rc2 Kd7 35. Nd4 Rxc2 36. Nxc2 Ke6 37. f4 Kd5 38. Ne3+ Kd4 39. Kf3 g6 40. Ng4 Bg7 41. Ke2 f5 42. Ne3 Bf8 43. Nc2+ Kc4 0-1

[Event "Rio de Janeiro Nezhmetdinov Memorial"]
[Site "Rio de Janeiro"]
[Date "2015.04.25"]
[Round "6"]
[White "Nascimento, Jarde"]
[Black "Costa, Evandro Bonfim"]
[Result "0-1"]
[WhiteElo "1940"]
[BlackElo "2040"]
[PlyCount "80"]
[EventDate "2015.04.23"]
[EventType "swiss"]
[EventRounds "7"]
[EventCountry "BRA"]
[SourceTitle "CBM 166 Extra"]
[Source "ChessBase"]
[SourceDate "2015.06.18"]
[SourceVersion "1"]
[SourceVersionDate "2015.06.18"]
[SourceQuality "1"]

1. d4 b5 2. e4 a6 3. Nf3 e6 4. Bd3 Bb7 5. 0-0 c5 6. c3 Nf6 7. e5 Nd5 8. Nbd2 cxd4 9. cxd4 Be7 10. Ne4 Nc6 11. Nd6+ Bxd6 12. exd6 0-0 13. Bxh7+ Kxh7 14. Ng5+ Kg8 15. Qh5 Nf6 16. Qh4 Qb6 17. Be3 Nb4 18. a3 Nd3 19. Rad1 Nxb2 20. Rd2 Nc4 21. Rd3 Qxd6 22. d5 Ne5 23. Bf4 Ng6 24. Bxd6 Nxh4 25. Bxf8 Kxf8 26. dxe6 dxe6 27. g3 Nf5 28. Rc3 Bd5 29. Rc7 Nd6 30. f3 a5 31. Rb1 Rb8 32. Ra7 b4 33. Rxa5 b3 34. Ra4 b2 35. Rb4 Rxb4 36. axb4 Nc4 37. Kf2 Bc6 38. Ke2 Bb5 39. Ke1 Ba4 40. Ke2 Bc2 0-1

[Event "Rio de Janeiro Nezhmetdinov Memorial"]
[Site "Rio de Janeiro"]
[Date "2015.04.25"]
[Round "5"]
[White "Vieira, Icaro Antonio Geral"]
[Black "Nascimento, Jarde"]
[Result "1-0"]
[WhiteElo "2024"]
[BlackElo "1940"]
[PlyCount "63"]
[EventDate "2015.04.23"]
[EventType "swiss"]
[EventRounds "7"]
[EventCountry "BRA"]
[SourceTitle "CBM 166 Extra"]
[Source "ChessBase"]
[SourceDate "2015.06.18"]
[SourceVersion "1"]
[SourceVersionDate "2015.06.18"]
[SourceQuality "1"]

1. e4 e5 2. Nf3 Nc6 3. Bb5 a6 4. Ba4 Nf6 5. 0-0 Nxe4 6. d4 b5 7. Bb3 Na5 8. Bd5 Bb7 9. Bxb7 Nxb7 10. Re1 d5 11. Nxe5 Bd6 12. f3 Bxe5 13. fxe4 Bf6 14. exd5+ Be7 15. Qe2 h5 16. Bg5 f6 17. Bh4 g5 18. Bf2 h4 19. a4 bxa4 20. Rxa4 Rh7 21. c4 Kf8 22. Nc3 Bd6 23. Qf3 Bf4 24. c5 Bd2 25. Re6 Rf7 26. Ne4 Bf4 27. g3 Qxd5 28. Raxa6 Rxa6 29. Rxa6 hxg3 30. hxg3 Bc1 31. Ra8+ Kg7 32. Rg8+ 1-0

[Event "Rio de Janeiro Nezhmetdinov Memorial"]
[Site "Rio de Janeiro"]
[Date "2015.04.24"]
[Round "4"]
[White "Jacome, Fernando Almeida"]
[Black "Nascimento, Jarde"]
[Result "1-0"]
[WhiteElo "2083"]
[BlackElo "1940"]
[PlyCount "47"]
[EventDate "2015.04.23"]
[EventType "swiss"]
[EventRounds "7"]
[EventCountry "BRA"]
[SourceTitle "CBM 166 Extra"]
[Source "ChessBase"]
[SourceDate "2015.06.18"]
[SourceVersion "1"]
[SourceVersionDate "2015.06.18"]
[SourceQuality "1"]

1. e4 e5 2. Nf3 Nc6 3. Bc4 Bc5 4. b4 Bxb4 5. c3 Bc5 6. d4 exd4 7. 0-0 dxc3 8. Bxf7+ Kxf7 9. Qd5+ Kf8 10. Qxc5+ d6 11. Qxc3 Qf6 12. Qa3 Nge7 13. Bb2 Qf7 14. Nc3 Bg4 15. Ng5 Qg6 16. f3 Qxg5 17. fxg4+ Ke8 18. Nd5 Nxd5 19. exd5 Qxd5 20. Rad1 Qg5 21. Qb3 b6 22. Rf7 Ne7 23. Qe6 Rf8 24. Rxg7 1-0

[Event "Rio de Janeiro Nezhmetdinov Memorial"]
[Site "Rio de Janeiro"]
[Date "2015.04.24"]
[Round "3"]
[White "Nascimento, Jarde"]
[Black "Perez, Jamil"]
[Result "0-1"]
[WhiteElo "1940"]
[BlackElo "2022"]
[PlyCount "78"]
[EventDate "2015.04.23"]
[EventType "swiss"]
[EventRounds "7"]
[EventCountry "BRA"]
[SourceTitle "CBM 166 Extra"]
[Source "ChessBase"]
[SourceDate "2015.06.18"]
[SourceVersion "1"]
[SourceVersionDate "2015.06.18"]
[SourceQuality "1"]

1. d4 Nf6 2. c4 e6 3. g3 d5 4. Bg2 Be7 5. Nf3 0-0 6. 0-0 dxc4 7. Qc2 a6 8. Qxc4 b5 9. Qc2 Bb7 10. Bg5 Nbd7 11. Nbd2 Rc8 12. Nb3 Be4 13. Qd2 c5 14. dxc5 Nxc5 15. Qxd8 Rfxd8 16. Nxc5 Bxc5 17. Rac1 h6 18. Bxf6 gxf6 19. a3 a5 20. Rfd1 Bf8 21. e3 b4 22. axb4 Rxc1 23. Rxc1 Bxb4 24. Nd4 Bg6 25. h4 e5 26. Nc6 Rd2 27. Nxb4 axb4 28. Rc6 Kg7 29. b3 Rd3 30. Rb6 Rxb3 31. g4 h5 32. gxh5 Bxh5 33. Be4 Bg6 34. Bd5 Rb2 35. Kg2 f5 36. Kg3 Bh5 37. Rb7 Rd2 38. Bb3 f4+ 39. exf4 Rd3+ 0-1

[Event "Rio de Janeiro Nezhmetdinov Memorial"]
[Site "Rio de Janeiro"]
[Date "2015.04.23"]
[Round "2"]
[White "Juer, Jayme Jacob E"]
[Black "Nascimento, Jarde"]
[Result "1/2-1/2"]
[WhiteElo "2122"]
[BlackElo "1940"]
[PlyCount "108"]
[EventDate "2015.04.23"]
[EventType "swiss"]
[EventRounds "7"]
[EventCountry "BRA"]
[SourceTitle "CBM 166 Extra"]
[Source "ChessBase"]
[SourceDate "2015.06.18"]
[SourceVersion "1"]
[SourceVersionDate "2015.06.18"]
[SourceQuality "1"]

1. e4 e5 2. Nf3 Nc6 3. Bb5 a6 4. Ba4 Nf6 5. c3 d6 6. 0-0 Be7 7. Re1 0-0 8. h3 b5 9. Bb3 Na5 10. Bc2 c5 11. d4 cxd4 12. cxd4 Bb7 13. a4 b4 14. d5 Re8 15. b3 Rc8 16. Nbd2 Rc5 17. Bd3 Rc3 18. Bc4 Nxc4 19. Nxc4 a5 20. Bb2 Rxc4 21. bxc4 Qc7 22. Qc2 Nd7 23. Bc1 Rc8 24. Nd2 Bd8 25. Bb2 Ba6 26. Rac1 Qb6 27. Qb3 Nc5 28. Qf3 Bg5 29. Rc2 b3 30. Nxb3 Nxb3 31. Bxe5 dxe5 32. Rb1 Rb8 33. c5 Qb4 34. Qc3 Qxe4 35. Rxb3 Rxb3 36. Qxb3 h6 37. c6 Qe1+ 38. Kh2 Bf4+ 39. g3 Bd2 40. Qf3 e4 41. Qh1 Qxf2+ 42. Qg2 Qxg2+ 43. Kxg2 Bb4 44. c7 Bc8 45. d6 f5 46. d7 Bxd7 47. c8Q+ Bxc8 48. Rxc8+ Kf7 49. Kf2 Kf6 50. Ke3 Bd6 51. Ra8 Bc5+ 52. Ke2 Bb4 53. Ke3 Bc5+ 54. Ke2 Bb4 1/2-1/2

[Event "Rudolf Spielmann Memorial"]
[Site "Rio de Janeiro"]
[Date "2015.01.29"]
[Round "6"]
[White "Nascimento, Jarde"]
[Black "Costa, Evandro Bonfim"]
[Result "0-1"]
[WhiteElo "2046"]
[BlackElo "2047"]
[PlyCount "100"]
[EventDate "2015.01.27"]
[EventType "swiss"]
[EventRounds "7"]
[EventCountry "BRA"]
[SourceTitle "EXT 2016"]
[Source "ChessBase"]
[SourceDate "2015.10.08"]
[SourceVersion "1"]
[SourceVersionDate "2015.10.08"]
[SourceQuality "1"]

1. d4 d5 2. Nf3 Nf6 3. Bf4 Bf5 4. e3 e6 5. Bd3 Bxd3 6. Qxd3 Be7 7. Na3 Nh5 8. Be5 c6 9. 0-0 Nd7 10. c4 0-0 11. Rac1 f6 12. Bg3 Nxg3 13. hxg3 Rc8 14. Nb1 g6 15. Nc3 Re8 16. Nd2 Bf8 17. f4 a6 18. g4 dxc4 19. Nxc4 b5 20. Nd2 f5 21. g5 e5 22. dxe5 Nxe5 23. Qxd8 Rcxd8 24. Nb3 Nd3 25. Rc2 Rxe3 26. Na5 Rd6 27. Nd1 Ree6 28. Nc3 Be7 29. Kh2 Bd8 30. Nb7 Rd7 31. Nxd8 Rxd8 32. Rd1 Re1 33. Rxe1 Nxe1 34. Re2 Nd3 35. Rd2 c5 36. b3 Kf7 37. Kg3 Rd6 38. a3 Ke7 39. Re2+ Kd7 40. Kf3 Nc1 41. Re3 Nxb3 42. Kf2 Nd2 43. Rh3 Kc6 44. Rxh7 b4 45. axb4 cxb4 46. Nd1 Ne4+ 47. Ke1 b3 48. Ra7 Kb5 49. Rb7+ Rb6 50. Re7 a5 0-1

[Event "Rudolf Spielmann Memorial"]
[Site "Rio de Janeiro"]
[Date "2015.01.29"]
[Round "5"]
[White "Perez, Jamil"]
[Black "Nascimento, Jarde"]
[Result "1-0"]
[WhiteElo "2028"]
[BlackElo "2046"]
[PlyCount "127"]
[EventDate "2015.01.27"]
[EventType "swiss"]
[EventRounds "7"]
[EventCountry "BRA"]
[SourceTitle "EXT 2016"]
[Source "ChessBase"]
[SourceDate "2015.10.08"]
[SourceVersion "1"]
[SourceVersionDate "2015.10.08"]
[SourceQuality "1"]

1. d4 d5 2. c4 c6 3. Nc3 Nf6 4. Bg5 e6 5. e3 Be7 6. Nf3 Nbd7 7. Bd3 0-0 8. 0-0 b6 9. Nd2 Bb7 10. a3 dxc4 11. Bxc4 c5 12. dxc5 Bxc5 13. Qe2 Qc7 14. b4 Be7 15. Nb5 Qb8 16. Rac1 a6 17. Nd4 Bd6 18. h3 h6 19. Bxf6 Nxf6 20. f4 a5 21. Nb5 axb4 22. Nxd6 Qxd6 23. axb4 Qxb4 24. Rb1 Qd6 25. Rfd1 Rfd8 26. Ne4 Qe7 27. Rxd8+ Qxd8 28. Nxf6+ Qxf6 29. Rxb6 Be4 30. Kh2 Ra1 31. Bd3 Bxd3 32. Qxd3 Ra8 33. Qe4 Rc8 34. Rb7 Qf5 35. Qxf5 exf5 36. Kg3 f6 37. Kf3 Kf8 38. Rb5 g6 39. Rb7 Re8 40. g4 fxg4+ 41. hxg4 Re7 42. Rb6 Kf7 43. e4 Rc7 44. f5 gxf5 45. gxf5 Rc3+ 46. Kf4 h5 47. Rb7+ Kg8 48. Rb1 Kh7 49. Rh1 Kh6 50. Rg1 Rc6 51. Rg6+ Kh7 52. Kg3 Rc4 53. Kh4 Rxe4+ 54. Kxh5 Rf4 55. Rxf6 Ra4 56. Kg5 Ra1 57. Rb6 Rg1+ 58. Kf6 Rf1 59. Rb8 Rf2 60. Ke6 Re2+ 61. Kf7 Rf2 62. f6 Kh6 63. Rb1 Kg5 64. Kg7 1-0

[Event "Rudolf Spielmann Memorial"]
[Site "Rio de Janeiro"]
[Date "2015.01.27"]
[Round "2"]
[White "Juer, Jayme Jacob E"]
[Black "Nascimento, Jarde"]
[Result "1-0"]
[WhiteElo "2142"]
[BlackElo "2046"]
[PlyCount "81"]
[EventDate "2015.01.27"]
[EventType "swiss"]
[EventRounds "7"]
[EventCountry "BRA"]
[SourceTitle "EXT 2016"]
[Source "ChessBase"]
[SourceDate "2015.10.08"]
[SourceVersion "1"]
[SourceVersionDate "2015.10.08"]
[SourceQuality "1"]

1. e4 e5 2. f4 exf4 3. Bc4 Nf6 4. Nc3 c6 5. d4 b5 6. Bd3 Bb4 7. Bxf4 Bxc3+ 8. bxc3 0-0 9. Ne2 d5 10. e5 Ne4 11. 0-0 f6 12. Ng3 fxe5 13. Bxe5 Nxg3 14. Rxf8+ Qxf8 15. Bxg3 Nd7 16. Qh5 g6 17. Qg5 Qf6 18. Qe3 Nf8 19. Rf1 Qe6 20. Qg5 Bd7 21. Re1 h6 22. Qxh6 Qf7 23. Be5 Qh7 24. Qg5 Re8 25. Re3 Qe7 26. Qf4 Qf7 27. Qh4 Qh7 28. Qf6 Re6 29. Qf4 Qf7 30. Qh6 Qh7 31. Qg5 Qe7 32. Qg3 Qh7 33. Rf3 Qe7 34. Bf5 Rxe5 35. dxe5 Bxf5 36. Rxf5 Qa3 37. Rf6 Qc1+ 38. Rf1 Qxc2 39. Qf4 Qf5 40. Qb4 Qc8 41. Qe7 1-0

[Event "Rudolf Spielmann Memorial"]
[Site "Rio de Janeiro"]
[Date "2015.01.27"]
[Round "1"]
[White "Nascimento, Jarde"]
[Black "Braga, Ubirani de Souza"]
[Result "0-1"]
[WhiteElo "2046"]
[BlackElo "2212"]
[PlyCount "72"]
[EventDate "2015.01.27"]
[EventType "swiss"]
[EventRounds "7"]
[EventCountry "BRA"]
[SourceTitle "EXT 2016"]
[Source "ChessBase"]
[SourceDate "2015.10.08"]
[SourceVersion "1"]
[SourceVersionDate "2015.10.08"]
[SourceQuality "1"]

1. e4 c5 2. Nf3 g6 3. c3 Bg7 4. d4 cxd4 5. cxd4 d5 6. e5 Nc6 7. Bb5 Nh6 8. Nc3 Bg4 9. h3 Bxf3 10. Qxf3 0-0 11. Be3 Nf5 12. Rd1 Qb6 13. Qxd5 Rfd8 14. Qc5 Ncxd4 15. Qxb6 axb6 16. Bxd4 Rxd4 17. g4 Rxd1+ 18. Kxd1 Nd4 19. f4 Nxb5 20. Nxb5 Rxa2 21. Kc2 Ra4 22. Rf1 g5 23. fxg5 Bxe5 24. Re1 Rc4+ 25. Kb3 Rc5 26. Na3 e6 27. Nc4 Bg3 28. Re3 Bf4 29. Re4 Bxg5 30. Nxb6 Rc1 31. Re5 h6 32. Rb5 Rh1 33. Nd7 Rxh3+ 34. Kb4 Rh4 35. Rxb7 h5 36. Rb5 Rxg4+ 0-1

[Event "Rio de Janeiro Vaz Memorial 1st"]
[Site "Rio de Janeiro"]
[Date "2014.12.13"]
[Round "5"]
[White "Martins, Jose Felix Perez"]
[Black "Nascimento, Jarde"]
[Result "1-0"]
[WhiteElo "2183"]
[BlackElo "2186"]
[PlyCount "47"]
[EventDate "2014.12.11"]
[EventType "swiss"]
[EventRounds "7"]
[EventCountry "BRA"]
[SourceTitle "EXT 2018"]
[Source "ChessBase"]
[SourceDate "2017.10.13"]
[SourceVersion "1"]
[SourceVersionDate "2017.10.13"]
[SourceQuality "1"]

1. e4 d5 2. d4 dxe4 3. Nc3 Nf6 4. f3 exf3 5. Nxf3 Bg4 6. h3 Bxf3 7. Qxf3 c6 8. Be3 Nbd7 9. 0-0-0 e6 10. g4 Nb6 11. Kb1 Nbd5 12. Nxd5 Nxd5 13. Bc1 Bd6 14. c4 Ne7 15. Bd3 0-0 16. Qe4 g6 17. Bh6 Re8 18. Rhf1 Qc8 19. Rf6 Qd7 20. Qf3 Nc8 21. Rf1 Re7 22. Bc2 Nb6 23. Rxg6+ hxg6 24. Qf6 1-0

[Event "Rio de Janeiro Jacome Memorial 2nd"]
[Site "Rio de Janeiro"]
[Date "2014.07.14"]
[Round "5.4"]
[White "Botelho, Fabio Gabriel Cardo"]
[Black "Nascimento, Jarde"]
[Result "1-0"]
[WhiteElo "2257"]
[BlackElo "2234"]
[PlyCount "69"]
[EventDate "2014.07.12"]
[EventType "swiss"]
[EventRounds "6"]
[EventCountry "BRA"]
[SourceTitle "CBM 161 Extra"]
[Source "ChessBase"]
[SourceDate "2014.08.29"]
[SourceVersion "1"]
[SourceVersionDate "2014.08.29"]
[SourceQuality "1"]

1. e4 c5 2. Nf3 d6 3. d4 cxd4 4. Nxd4 Nf6 5. Nc3 g6 6. f3 Bg7 7. Be3 0-0 8. Qd2 Nc6 9. Bc4 Bd7 10. Bb3 Rc8 11. h4 Ne5 12. h5 Nc4 13. Bxc4 Rxc4 14. g4 b5 15. 0-0-0 a5 16. hxg6 fxg6 17. e5 b4 18. exf6 bxc3 19. Qe2 cxb2+ 20. Kb1 Rxd4 21. Bxd4 exf6 22. Qc4+ Kh8 23. Bc3 Qe7 24. Qc7 Rc8 25. Qxd6 Qxd6 26. Rxd6 Bc6 27. Rhd1 Kg8 28. Bxf6 Bf8 29. Rd8 Rc7 30. Be5 Rf7 31. Bd6 h6 32. Bxf8 Rxf8 33. Rxf8+ Kxf8 34. Rd6 Be8 35. Kxb2 1-0

[Event "Rio de Janeiro Jacome Memorial 2nd"]
[Site "Rio de Janeiro"]
[Date "2014.07.13"]
[Round "4.6"]
[White "Nascimento, Jarde"]
[Black "Vaz, Daniel Rodrigues"]
[Result "1-0"]
[WhiteElo "2234"]
[BlackElo "2032"]
[PlyCount "89"]
[EventDate "2014.07.12"]
[EventType "swiss"]
[EventRounds "6"]
[EventCountry "BRA"]
[SourceTitle "CBM 161 Extra"]
[Source "ChessBase"]
[SourceDate "2014.08.29"]
[SourceVersion "1"]
[SourceVersionDate "2014.08.29"]
[SourceQuality "1"]

1. e4 e5 2. Nf3 Nc6 3. Bc4 Bc5 4. b4 Bxb4 5. c3 Ba5 6. d4 exd4 7. 0-0 dxc3 8. Qb3 Qf6 9. e5 Qg6 10. Nxc3 Bb6 11. Ng5 Nh6 12. Nd5 Na5 13. Qa3 d6 14. Bb5+ c6 15. exd6 Bd7 16. Nc7+ Bxc7 17. dxc7 Be6 18. Re1 Nf5 19. Bd3 b6 20. Nxe6 fxe6 21. Bxf5 Qxf5 22. Qd6 Rf8 23. Rxe6+ Kf7 24. Qd7+ Kg8 25. Be3 c5 26. Rd1 Kh8 27. h3 Nc4 28. Rd5 Qf7 29. Qxf7 Rxf7 30. Rd8+ Rf8 31. Rxa8 Rxa8 32. Re7 Na5 33. Bd2 Nb7 34. Bc3 Rc8 35. Rxg7 h6 36. f4 c4 37. Be5 b5 38. f5 b4 39. f6 c3 40. f7 c2 41. Rg8+ Kh7 42. Rxc8 c1Q+ 43. Kh2 Qc5 44. Re8 Kg6 45. f8Q 1-0

[Event "Rio de Janeiro Jacome Memorial 2nd"]
[Site "Rio de Janeiro"]
[Date "2014.07.12"]
[Round "2.5"]
[White "Nascimento, Jarde"]
[Black "Martins, Julio Perez"]
[Result "0-1"]
[WhiteElo "2234"]
[BlackElo "2231"]
[PlyCount "94"]
[EventDate "2014.07.12"]
[EventType "swiss"]
[EventRounds "6"]
[EventCountry "BRA"]
[SourceTitle "CBM 161 Extra"]
[Source "ChessBase"]
[SourceDate "2014.08.29"]
[SourceVersion "1"]
[SourceVersionDate "2014.08.29"]
[SourceQuality "1"]

1. e4 c5 2. Nf3 d6 3. Bb5+ Bd7 4. Bxd7+ Qxd7 5. 0-0 Nf6 6. Qe2 Nc6 7. c3 e6 8. d4 cxd4 9. cxd4 d5 10. e5 Ne4 11. Be3 Be7 12. Ne1 f6 13. f3 Ng5 14. Bxg5 fxg5 15. Nc2 0-0 16. Nc3 Rac8 17. a3 Bd8 18. Rad1 Bb6 19. Kh1 Rf4 20. Nb5 a6 21. Nd6 Rcf8 22. g3 Nxd4 23. Nxd4 Rxd4 24. Rxd4 Bxd4 25. Rc1 g6 26. Kg2 Qg7 27. Re1 b5 28. g4 h5 29. h3 h4 30. Kf1 Rf4 31. Kg2 Kh7 32. Ne8 Qf8 33. Nf6+ Kh6 34. Rc1 Qb8 35. Nd7 Qd8 36. Nf6 Bxe5 37. Qxe5 Rxf6 38. Rc7 Qf8 39. Qc3 Qd6 40. Qxf6 Qg3+ 41. Kf1 Qxh3+ 42. Ke2 Qh2+ 43. Ke3 Qxc7 44. Qh8+ Qh7 45. Qf6 Qg7 46. Qxe6 Qxb2 47. Qxd5 h3 0-1